000 00629nam a2200253Ia 4500
003 OSt
005 20221005123348.0
006 a|||||r|||| 00| 0
007 ta
008 221004b |||||||| |||| 00| 0 eng d
024 _a19594
037 _cTextual
040 _aCRL
_cCRL
_beng
041 _2eng
_aeng
082 _aV3:2:9Z, H14
100 _aWade Emlyn C S Au.
_9633593
245 0 _aLaw of the constitution Emlyn C S Wade
250 _a9th ed
260 _c1938
300 _a682
_ccm.
650 _aLAW
942 _hV3:2:9Z, H14
_cTEXL
_2cc
999 _c1047204
_d1047204